Culture Générale - Série 2407 - Statistiques

Statistiques générales
  • Ce quiz a été pris 130 fois
  • Le résultat moyen est 4 sur 10
Statistiques - réponses
Question Réponse % Correct
Réserve d'argent mis en commun par les membres d'un groupe, d'une association, qui peut être en ligne cagnotte
78%
De qui sont les vers « Les sanglots longs des violons de l’automne blessent mon cœur d’une langueur monotone… » - prénom et nom Paul Verlaine
67%
Quel animal est appelé lump ou lompe ? poisson
64%
Quelle est la Préfecture du département de l'Aisne ? Laon
50%
Dans quel quartier de New York se déroule le sitcom "Friends" ? Manhattan
49%
Tissu de laine assez grossier servant de base à la confection de vêtements religieux, en particulier les frocs de moine . bure
39%
Prélat chargé de représenter, de façon permanente, le pape auprès d'un gouvernement étranger nonce
27%
Quel est le prénom du lieutenant Colombo incarné par Peter Falk ? voir photo Frank
13%
Dans la mythologie grecque, quelle est la muse du chant, de l'​harmonie musicale et de la tragédie ? Melpomène
4%
Lorsqu'une hirondelle pousse son cri, elle .... trisse
4%
Aucun quiz correspondant
Distribution des résultats
% des personnes avec chaque résultat
Percentile par nombre de réponses
Votre historique - résultats
Vous n’avez pas pris ce quiz